| 000 | 00848cam a2200289 4500 | ||
|---|---|---|---|
| 008 | 090401t1993 xxu||||| |||| 00| 0 eng d | ||
| 020 | _a0117528633 | ||
| 035 | _a(Sirsi) u70141 | ||
| 041 | _aeng | ||
| 050 | _a711.309428 | ||
| 110 |
_aUnited Kingdom _bDepartment of the Environment _9982 |
||
| 245 | _aRegional planning guidance for the northern region. | ||
| 260 |
_aLondon _bHMSO _c1993 |
||
| 300 | _a(20)p. : ill.,maps ; 30cm. | ||
| 350 | _a4 | ||
| 490 |
_aRPG _v7 |
||
| 520 | _aSuperseded by "Regional planning guidance for the north east to 2016 (RPG1)" (2002 edition, ISBN 0117536415). | ||
| 650 | _aCLEVELAND | ||
| 650 | _aDURHAM | ||
| 650 | _aNORTHERN ENGLAND | ||
| 650 | _aNORTHUMBERLAND | ||
| 650 | _aREGIONAL PLANNING | ||
| 650 | _aRPG7 | ||
| 690 | _aPLANNING LAW AND PRACTICE | ||
| 942 | _n0 | ||
| 948 | _c04/03/1997 | ||
| 999 |
_c95288 _d95288 |
||